[Event "CZE-chT2B 0910"]
[Site "Czech Republic"]
[Date "2009.12.06"]
[Round "4.7"]
[White "Jenicek, Jiri"]
[Black "Kucera, Jaroslav"]
[Result "1-0"]
[WhiteElo "2150"]
[BlackElo "1993"]
[PlyCount "55"]
[EventDate "2009.10.18"]
[EventType "team-tourn"]
[EventRounds "11"]
[EventCountry "CZE"]
[SourceTitle "EXT 2012"]
[Source "ChessBase"]
[SourceDate "2011.11.24"]
[SourceVersion "1"]
[SourceVersionDate "2011.11.24"]
[SourceQuality "1"]
[WhiteTeam "Kladno"]
[BlackTeam "Novoborsky III"]
[WhiteTeamCountry "CZE"]
[BlackTeamCountry "CZE"]

1. d4 d6 2. c4 e5 3. dxe5 dxe5 4. Qxd8+ Kxd8 5. Nf3 f6 6. e4 Be6 7. Nc3 c6 8. a3 a5 9. Be3 Nd7 10. Na4 Kc7 11. Nd2 Ne7 12. c5 Nc8 13. Bc4 Bg8 14. Bxg8 Rxg8 15. Nc4 Ra6 16. 0-0-0 Be7 17. Rd3 Rd8 18. Rhd1 g6 19. g4 g5 20. Kc2 h6 21. f3 f5 22. gxf5 Nf8 23. Nxe5 Rxd3 24. Rxd3 h5 25. Nc4 Nd7 26. e5 Nf8 27. f6 Bd8 28. Bxg5 1-0

[Event "Czechia KP-chTA 0607"]
[Site "Czech Republic"]
[Date "2007.02.18"]
[Round "8.4"]
[White "Jenicek, Jiri"]
[Black "Stanek, Frantisek"]
[Result "1-0"]
[WhiteElo "2068"]
[BlackElo "1745"]
[PlyCount "59"]
[EventDate "2006.10.29"]
[EventType "team"]
[EventRounds "11"]
[EventCountry "CZE"]
[SourceTitle "EXT 2008"]
[Source "ChessBase"]
[SourceDate "2007.11.25"]
[SourceVersion "1"]
[SourceVersionDate "2007.11.25"]
[SourceQuality "1"]
[WhiteTeam "Kladno"]
[BlackTeam "Tisice"]
[WhiteTeamCountry "CZE"]
[BlackTeamCountry "CZE"]

1. d4 d5 2. c4 e6 3. Nf3 Nf6 4. Bg5 c6 5. e3 Nbd7 6. Nc3 Qa5 7. Qb3 Ne4 8. Bh4 Bb4 9. Rc1 Ndf6 10. Bd3 dxc4 11. Bxc4 Nxc3 12. bxc3 Ba3 13. Rc2 Ne4 14. 0-0 0-0 15. Bd3 Nd6 16. c4 Nf5 17. Bg5 Bd6 18. c5 Be7 19. Bxf5 Bxg5 20. Bxh7+ Kxh7 21. Nxg5+ Kg6 22. f4 f6 23. Nxe6 Bxe6 24. Qxe6 Rae8 25. f5+ Kh7 26. Qb3 Qc7 27. Rf4 g5 28. fxg6+ Kxg6 29. Rcf2 Qe7 30. Rg4+ 1-0

[Event "Czechia KP-chTA 0607"]
[Site "Czech Republic"]
[Date "2007.01.07"]
[Round "5.4"]
[White "Jenicek, Jiri"]
[Black "Cernohorsky, Ladislav"]
[Result "1-0"]
[WhiteElo "2068"]
[BlackElo "2012"]
[PlyCount "47"]
[EventDate "2006.10.29"]
[EventType "team"]
[EventRounds "11"]
[EventCountry "CZE"]
[SourceTitle "EXT 2008"]
[Source "ChessBase"]
[SourceDate "2007.11.25"]
[SourceVersion "1"]
[SourceVersionDate "2007.11.25"]
[SourceQuality "1"]
[WhiteTeam "Kladno"]
[BlackTeam "Pribram II"]
[WhiteTeamCountry "CZE"]
[BlackTeamCountry "CZE"]

1. d4 d5 2. c4 e6 3. Nf3 Nf6 4. Bg5 Be7 5. e3 h6 6. Bh4 b6 7. Nc3 0-0 8. Rc1 Bb7 9. Bd3 Nbd7 10. 0-0 c5 11. Qe2 Rc8 12. Rfd1 cxd4 13. Nxd4 e5 14. Nf5 e4 15. Bb1 Rxc4 16. Nxd5 Bxd5 17. Rxc4 Bxc4 18. Qxc4 Re8 19. Bxf6 Bxf6 20. Qc6 Re5 21. Rxd7 Qe8 22. Nd6 Qe6 23. Qa8+ Kh7 24. Bxe4+ 1-0

[Event "Czechia KP-chTA 0607"]
[Site "Czech Republic"]
[Date "2006.10.29"]
[Round "1.4"]
[White "Jenicek, Jiri"]
[Black "Jerabek, Jindrich"]
[Result "1-0"]
[WhiteElo "2068"]
[BlackElo "1965"]
[PlyCount "107"]
[EventDate "2006.10.29"]
[EventType "team"]
[EventRounds "11"]
[EventCountry "CZE"]
[SourceTitle "EXT 2008"]
[Source "ChessBase"]
[SourceDate "2007.11.25"]
[SourceVersion "1"]
[SourceVersionDate "2007.11.25"]
[SourceQuality "1"]
[WhiteTeam "Kladno"]
[BlackTeam "AS MB"]
[WhiteTeamCountry "CZE"]
[BlackTeamCountry "CZE"]

1. d4 Nf6 2. c4 g6 3. Nc3 d5 4. Bg5 Ne4 5. Nxe4 dxe4 6. e3 Bg7 7. f4 c5 8. Ne2 cxd4 9. exd4 Nc6 10. d5 Qa5+ 11. Qd2 Nb4 12. Kd1 Qc5 13. Nc3 Bf5 14. a3 Nd3 15. Bxd3 exd3 16. Re1 f6 17. Bh4 Qxc4 18. h3 Bh6 19. g3 Kf7 20. Rf1 Bxh3 21. Rh1 Bg4+ 22. Ke1 Bf3 23. Rh2 Bxd5 24. Rd1 Bf3 25. Qxd3 Qe6+ 26. Ne2 Bc6 27. Bxf6 exf6 28. Rxh6 Kg7 29. Rh2 Rhe8 30. Kf1 Qg4 31. Rd2 Re7 32. Nd4 Rae8 33. Rh4 Qd7 34. f5 Re3 35. Qxe3 Rxe3 36. Ne6+ Rxe6 37. Rxd7+ Bxd7 38. fxe6 Bxe6 39. Rd4 f5 40. Kf2 g5 41. Ke3 Kf6 42. Rd8 h5 43. Rh8 Kg6 44. Kd4 Bb3 45. Ke5 Bc2 46. Rg8+ Kh6 47. Kf6 f4 48. gxf4 gxf4 49. Rh8+ Bh7 50. Ke5 Kg7 51. Rc8 f3 52. Rc3 Bg6 53. Rxf3 Bf7 54. Rc3 1-0

[Event "CZE-chT2b 0506"]
[Site "Czech Republic"]
[Date "2006.04.09"]
[Round "11"]
[White "Jenicek, Jiri"]
[Black "Reitinger, Petr"]
[Result "1-0"]
[WhiteElo "2120"]
[BlackElo "2095"]
[PlyCount "99"]
[EventDate "2005.10.16"]
[EventType "team"]
[EventRounds "11"]
[EventCountry "CZE"]
[SourceTitle "EXT 2009"]
[Source "ChessBase"]
[SourceDate "2008.11.26"]
[SourceVersion "1"]
[SourceVersionDate "2008.11.26"]
[SourceQuality "1"]

1. d4 d5 2. c4 c6 3. cxd5 cxd5 4. Nc3 Nf6 5. Bf4 Nc6 6. Nf3 Qb6 7. Na4 Qa5+ 8. Bd2 Qc7 9. Rc1 e6 10. e3 Ne4 11. Bb5 Bd6 12. 0-0 0-0 13. Bxc6 bxc6 14. b4 Ba6 15. Re1 Bc4 16. a3 a5 17. Nc5 Bxc5 18. bxc5 Rfb8 19. Rb1 Rxb1 20. Qxb1 Rb8 21. Bxa5 Qa7 22. Bb4 Qa6 23. Ne5 Nc3 24. Qc2 Na2 25. Nxc4 Qxc4 26. Qxc4 dxc4 27. Ra1 Nxb4 28. axb4 f6 29. Rb1 Kf7 30. Kf1 e5 31. dxe5 fxe5 32. Ke2 Ra8 33. Rc1 Ra2+ 34. Kf3 Ke6 35. Rxc4 Kd5 36. Rc1 Rb2 37. Rd1+ Kc4 38. Rd6 Kb5 39. Rd7 e4+ 40. Kxe4 Rxf2 41. Rxg7 Kxb4 42. Rxh7 Rxg2 43. Rh5 Rg4+ 44. Kf3 Rc4 45. Re5 Rxc5 46. Rxc5 Kxc5 47. h4 Kd6 48. h5 Ke5 49. h6 Kf6 50. Ke4 1-0

[Event "CZE-chT2b 0506"]
[Site "Czech Republic"]
[Date "2005.10.16"]
[Round "1"]
[White "Horak, Jiri1111"]
[Black "Jenicek, Jiri"]
[Result "1/2-1/2"]
[WhiteElo "2240"]
[BlackElo "2120"]
[PlyCount "46"]
[EventDate "2005.10.16"]
[EventType "team"]
[EventRounds "11"]
[EventCountry "CZE"]
[SourceTitle "EXT 2009"]
[Source "ChessBase"]
[SourceDate "2008.11.26"]
[SourceVersion "1"]
[SourceVersionDate "2008.11.26"]
[SourceQuality "1"]

1. e4 c6 2. d4 d5 3. Nc3 dxe4 4. Nxe4 Bf5 5. Ng3 Bg6 6. Nf3 Nd7 7. Bc4 Ngf6 8. 0-0 Qc7 9. Re1 0-0-0 10. c3 e6 11. b4 Bd6 12. Qe2 Nd5 13. Bd2 Nf4 14. Bxf4 Bxf4 15. a4 Rhe8 16. Qa2 Nb6 17. Ne5 Bxe5 18. Rxe5 Nxc4 19. Qxc4 f6 20. Re3 e5 21. dxe5 Rxe5 22. Nf1 Rxe3 23. Nxe3 Qe5 1/2-1/2

[Event "IECG C1.2000.0.00266"]
[Site "IECG email"]
[Date "2000.03.05"]
[Round "?"]
[White "Jenicek, Jiri"]
[Black "Contreras Poblete, Juan Antonio"]
[Result "1-0"]
[WhiteElo "2135"]
[BlackElo "1878"]
[PlyCount "43"]
[EventDate "2000.03.05"]
[EventType "tourn (corr)"]
[EventRounds "6"]
[SourceTitle "Corr 2008"]
[Source "ChessBase"]
[SourceDate "2008.06.24"]
[SourceVersion "1"]
[SourceVersionDate "2008.06.24"]
[SourceQuality "1"]

1. c4 e6 2. d4 d5 3. Nf3 c6 4. Qc2 f5 5. Bf4 Nf6 6. e3 Be7 7. Nc3 0-0 8. Bd3 Na6 9. a3 Ne4 10. g4 g5 11. Be5 Qa5 12. Rg1 Nb4 13. axb4 Qxa1+ 14. Ke2 Nxc3+ 15. bxc3 Qa3 16. gxf5 Kf7 17. Nxg5+ Ke8 18. Nxh7 dxc4 19. Bxc4 Rxf5 20. Rg8+ Kd7 21. Bg3 b6 22. Qe4 1-0